Jak czytać schematy odbiorników TV /

שמור ב:
מידע ביבליוגרפי
מחבר ראשי: Łokuć, Janusz
מחבר תאגידי: Wydawnictwa Komunikacji i Łączności
פורמט: ספר
שפה:פולנית
יצא לאור: Warszawa : Wydawnictwa Komunikacji i Łączności, 1970.
נושאים:
תגים: הוספת תג
אין תגיות, היה/י הראשונ/ה לתייג את הרשומה!

MARC

LEADER 00000cam a2200000 i 4500
001 9912161280205606
005 20260515140226.0
008 151203s1970 pl a |000 0 pol c
035 |a UM2403617-48omnis_network 
035 |a xx003571063 
035 |a (PL)b0000050559310 
040 |a TOR U  |c TOR U 
090 |c 72  |d 71 
100 1 |a Łokuć, Janusz 
245 1 0 |a Jak czytać schematy odbiorników TV /  |c Janusz Łokuć. 
260 |a Warszawa :  |b Wydawnictwa Komunikacji i Łączności,  |c 1970. 
300 |a 239, [1] s., [1] k. tabl. złoż. :  |b il. ;  |c 21 cm. 
504 |a Bibliogr. s. [240]. 
650 |a Odbiorniki telewizyjne  |v podręczniki. 
650 |a Schematy elektryczne  |v podręczniki. 
710 2 |a Wydawnictwa Komunikacji i Łączności 
942 |c K 
952 |0 0  |1 0  |4 0  |6 R__51_000000000000000  |7 0  |9 70  |a RYT  |b RYT  |d 2026-04-26  |e 1/2026  |g 10.00  |l 0  |o R.51  |p 2000000000510  |r 2026-05-15 14:02:26  |w 2026-05-15  |y BK  |z da 
999 |c 70  |d 70